[Event "Mont de Marsan op"]
[Site "Mont de Marsan"]
[Date "2005.12.28"]
[Round "6"]
[White "Del Rio, David"]
[Black "Auge, Jean"]
[Result "1/2-1/2"]
[WhiteElo "1660"]
[BlackElo "1952"]
[PlyCount "63"]
[EventDate "2005.12.26"]
[EventType "swiss"]
[EventRounds "7"]
[EventCountry "FRA"]
[SourceTitle "CBM 110 Extra"]
[Source "ChessBase"]
[SourceDate "2006.03.10"]
[SourceVersion "2"]
[SourceVersionDate "2006.03.10"]
[SourceQuality "1"]

1. e4 d5 2. exd5 Qxd5 3. Nc3 Qd8 4. Nf3 Nf6 5. d4 e6 6. g3 Nbd7 7. Bg2 c6 8. 0-0 Bd6 9. Be3 Nb6 10. Ne2 h6 11. b3 Nbd5 12. c4 Nxe3 13. fxe3 g5 14. Qd3 Qc7 15. e4 Nh5 16. e5 Be7 17. d5 exd5 18. cxd5 cxd5 19. Ned4 Qb6 20. Kh1 Ng7 21. Nd2 Ne6 22. Nf5 Bd7 23. Nxe7 Kxe7 24. Bxd5 Bc6 25. Nc4 Bxd5+ 26. Qxd5 Qc6 27. Qxc6 bxc6 28. Nd6 Rhf8 29. Rf6 h5 30. Rd1 g4 31. Nf5+ Ke8 32. Nd6+ 1/2-1/2